[Event "AUT-chT2O 1213"]
[Site "Austria"]
[Date "2012.11.17"]
[Round "3.5"]
[White "Lovrinovic, Christian"]
[Black "Bezuch, Martin"]
[Result "1-0"]
[WhiteElo "2139"]
[BlackElo "2291"]
[PlyCount "73"]
[EventDate "2012.10.06"]
[EventType "team-tourn"]
[EventRounds "11"]
[EventCountry "AUT"]
[SourceTitle "EXT 2014"]
[Source "ChessBase"]
[SourceDate "2013.11.20"]
[SourceVersion "1"]
[SourceVersionDate "2013.11.20"]
[SourceQuality "1"]
[WhiteTeam "Waehring"]
[BlackTeam "Pamhagen"]
[WhiteTeamCountry "AUT"]
[BlackTeamCountry "AUT"]

1. d4 g6 2. c4 Bg7 3. Nf3 d6 4. Nc3 Nd7 5. g3 Ngf6 6. Bg2 0-0 7. 0-0 e5 8. h3 c6 9. Bg5 h6 10. Be3 Re8 11. Qd2 Kh7 12. dxe5 dxe5 13. Rfd1 Qe7 14. Rab1 Nb6 15. b3 Bf5 16. Rbc1 Rad8 17. Qe1 Kg8 18. Nh4 Bc8 19. Nf3 Bf5 20. Nh4 Bc8 21. Nf3 g5 22. Nh2 Bf5 23. Nf1 Bf8 24. Rxd8 Rxd8 25. Rd1 Rxd1 26. Qxd1 Qb4 27. Qd2 Kg7 28. h4 gxh4 29. Bxh6+ Kh7 30. Bxf8 Qxf8 31. Qg5 Bg6 32. Qxf6 hxg3 33. Nxg3 Nd7 34. Qh4+ Kg8 35. Be4 Kg7 36. Qg5 Qh8 37. Bxg6 1-0